MARC details
| 000 -LEADER |
| fixed length control field |
01511cam a2200409 i 4500 |
| 001 - CONTROL NUMBER |
| control field |
19066493 |
| 005 - DATE AND TIME OF LATEST TRANSACTION |
| control field |
20230605120234.0 |
| 008 - FIXED-LENGTH DATA ELEMENTS--GENERAL INFORMATION |
| fixed length control field |
160425s2015 enka b 001 0 eng c |
| 010 ## - LIBRARY OF CONGRESS CONTROL NUMBER |
| LC control number |
2016301119 |
| 020 ## - INTERNATIONAL STANDARD BOOK NUMBER |
| International Standard Book Number |
9780198748953 |
| 035 ## - SYSTEM CONTROL NUMBER |
| System control number |
(OCoLC)ocn921193236 |
| 040 ## - CATALOGING SOURCE |
| Original cataloging agency |
YDXCP |
| Language of cataloging |
eng |
| Transcribing agency |
YDXCP |
| Description conventions |
rda |
| Modifying agency |
IXA |
| -- |
BDX |
| -- |
BTCTA |
| -- |
EYM |
| -- |
OCLCF |
| -- |
OCLCA |
| -- |
DLC |
| 042 ## - AUTHENTICATION CODE |
| Authentication code |
pcc |
| 043 ## - GEOGRAPHIC AREA CODE |
| Geographic area code |
e-uk--- |
| 050 00 - LIBRARY OF CONGRESS CALL NUMBER |
| Classification number |
JN956 |
| Item number |
.B745 2015 |
| 082 ## - DEWEY DECIMAL CLASSIFICATION NUMBER |
| Classification number |
324.94 |
| Item number |
GED |
| 245 00 - TITLE STATEMENT |
| Title |
Britain Votes 2015 |
| Statement of responsibility, etc. |
The Hansard Society |
| 260 ## - PUBLICATION, DISTRIBUTION, ETC. (IMPRINT) |
| Place of publication, distribution, etc. |
New York |
| Name of publisher, distributor, etc. |
Oxford University Press Inc |
| Date of publication, distribution, etc. |
2015 |
| 300 ## - PHYSICAL DESCRIPTION |
| Extent |
xiii, 278 pages : |
| Other physical details |
illustrations ; |
| Dimensions |
24 cm. |
| 490 1# - SERIES STATEMENT |
| Series statement |
Hansard Society series in politics and government |
| 504 ## - BIBLIOGRAPHY, ETC. NOTE |
| Bibliography, etc |
Includes bibliographical references and index. |
| 610 10 - SUBJECT ADDED ENTRY--CORPORATE NAME |
| Corporate name or jurisdiction name as entry element |
Great Britain. |
| Subordinate unit |
Parliament |
| General subdivision |
Elections, 2015. |
| 610 17 - SUBJECT ADDED ENTRY--CORPORATE NAME |
| Corporate name or jurisdiction name as entry element |
Great Britain. |
| Subordinate unit |
Parliament. |
| Source of heading or term |
fast |
| 648 #7 - SUBJECT ADDED ENTRY--CHRONOLOGICAL TERM |
| Chronological term |
2000 - 2099 |
| Source of heading or term |
fast |
| 650 #0 - SUBJECT ADDED ENTRY--TOPICAL TERM |
| Topical term or geographic name as entry element |
Elections |
| Geographic subdivision |
Great Britain. |
| 650 #7 - SUBJECT ADDED ENTRY--TOPICAL TERM |
| Topical term or geographic name as entry element |
Elections. |
| Source of heading or term |
fast |
| 650 #7 - SUBJECT ADDED ENTRY--TOPICAL TERM |
| Topical term or geographic name as entry element |
Politics and government. |
| Source of heading or term |
fast |
| 651 #0 - SUBJECT ADDED ENTRY--GEOGRAPHIC NAME |
| Geographic name |
Great Britain |
| General subdivision |
Politics and government |
| Chronological subdivision |
21st century. |
| 651 #7 - SUBJECT ADDED ENTRY--GEOGRAPHIC NAME |
| Geographic name |
Great Britain. |
| Source of heading or term |
fast |
| 700 1# - ADDED ENTRY--PERSONAL NAME |
| Personal name |
Geddes, Andrew, |
| Dates associated with a name |
1965- |
| Relator term |
editor. |
| 700 1# - ADDED ENTRY--PERSONAL NAME |
| Personal name |
Tonge, Jonathan, |
| Relator term |
editor. |
| 710 2# - ADDED ENTRY--CORPORATE NAME |
| Corporate name or jurisdiction name as entry element |
Hansard Society for Parliamentary Government, |
| Relator term |
sponsoring body. |
| 830 #0 - SERIES ADDED ENTRY--UNIFORM TITLE |
| Uniform title |
Hansard Society series in politics and government. |
| 906 ## - LOCAL DATA ELEMENT F, LDF (RLIN) |
| a |
7 |
| b |
cbc |
| c |
pccadap |
| d |
2 |
| e |
ncip |
| f |
20 |
| g |
y-gencatlg |
| 942 ## - ADDED ENTRY ELEMENTS (KOHA) |
| Source of classification or shelving scheme |
Dewey Decimal Classification |
| Koha item type |
Books |